Symbole losowych pierwiastków chemicznych - Statystyki

Ogólne statystyki
  • Ten quiz został rozwiązany 37 razy
  • Średni wynik to 21 z 25
Statystyki odpowiedzi
Pierwiastek Symbol % Poprawnych
Argon Ar
100%
Arsen As
100%
Astat At
100%
Bar Ba
100%
Bohr Bh
100%
Brom Br
100%
Węgiel C
100%
Miedź Cu
100%
Dubn Db
100%
Fluor F
100%
German Ge
100%
Hafn Hf
100%
Has Hs
100%
Iryd Ir
100%
Krypton Kr
100%
Lorens Lr
100%
Magnez Mg
100%
Molibden Mo
100%
Sód Na
100%
Neodym Nd
100%
Neon Ne
100%
Nikiel Ni
100%
Nobel No
100%
Tlen O
100%
Oganesson Og
100%
Fosfor P
100%
Platyna Pt
100%
Pluton Pu
100%
Rad Ra
100%
Rubid Rb
100%
Rutherford Rf
100%
Roentgen Rg
100%
Ruten Ru
100%
Siarka S
100%
Skand Sc
100%
Selen Se
100%
Krzem Si
100%
Samar Sm
100%
Cyna Sn
100%
Tantal Ta
100%
Uran U
100%
Wolfram W
100%
Osm Os
93%
Lutet Lu
91%
Darmsztadt Ds
90%
Flerow Fl
90%
Gadolin Gd
90%
Meitner Mt
90%
Kadm Cd
89%
Chlor Cl
89%
Einstein Es
89%
Hel He
88%
Rtęć Hg
88%
Jod I
88%
Terb Tb
88%
Tytan Ti
88%
Glin Al
86%
Bor B
86%
Bizmut Bi
86%
Cer Ce
86%
Wodór H
86%
Mangan Mn
86%
Niob Nb
86%
Ołów Pb
86%
Srebro Ag
83%
Chrom Cr
83%
Europ Eu
83%
Frans Fr
83%
Potas K
83%
Mendelew Md
83%
Polon Po
83%
Tellur Te
83%
Cynk Zn
83%
Ameryk Am
80%
Złoto Au
80%
Beryl Be
80%
Dyzproz Dy
80%
Żelazo Fe
80%
Ferm Fm
80%
Stront Sr
80%
Radon Rn
78%
Aktyn Ac
75%
Berkel Bk
75%
Wapń Ca
75%
Gal Ga
75%
Liwermor Lv
75%
Wanad V
75%
Ksenon Xe
75%
Holm Ho
71%
Ind In
71%
Tennessine Ts
71%
Kaliforn Cf
67%
Kobalt Co
67%
Erb Er
67%
Lit Li
67%
Moscovium Mc
67%
Nihonium Nh
67%
Protaktyn Pa
67%
Pallad Pd
67%
Prazeodym Pr
67%
Seaborg Sg
67%
Cyrkon Zr
67%
Lantan La
63%
Ren Re
63%
Rod Rh
63%
Kopernik Cn
60%
Neptun Np
60%
Cez Cs
57%
Technet Tc
57%
Kiur Cm
50%
Promet Pm
50%
Tal Tl
50%
Itr Y
50%
Iterb Yb
50%
Tor Th
44%
Tul Tm
43%
Azot N
33%
Antymon Sb
33%
Nie znaleziono quizów pasujących do podanych kryteriów
Rozkład punktacji
Procent ludzi z każdym wynikiem
Percentyl według liczby udzielonych odpowiedzi
Twoja historia wyników
Nie rozwiązałeś tego quizu